Statistics for Neighbouring Countries Of Cities

Click here to take the quiz!

General Stats

  • This quiz has been taken 27 times
  • The average score is 9 of 11

Answer Stats

CityAnswer% Correct
QuitoColombia/Peru
89%
CopenhagenGermany
89%
LondonIreland
85%
BeirutIsrael/Syria
85%
VaduzAustria/Switzerland
81%
Andorra La VellaFrance/Spain
81%
LisbonSpain
81%
TunisAlgeria/Libya
74%
IncheonNorth Korea
70%
ThimpuIndia/China
67%
FreetownGuinea/Liberia
59%

Score Distribution

Percentile by Number Answered

Percent of People with Each Score

Your Score History

You have not taken this quiz